000 01362cam a2200361 a 4500
999 _c478681
_d478681
001 1200894
003 NUST
005 20180704071656.0
008 981102r19991998nyu b 001 0 eng
010 _a 98050645
020 _a0767903595 (pbk.)
035 _a(DLC) 98050645
038 _aArshad
040 _aDLC
_cDLC
_dDLC
050 0 0 _aBF1779.F4
_bK554 1999
082 0 0 _a133.3337
_bKIN
100 1 _aKingston, Karen.
_911424
245 1 0 _aClear your clutter with feng shui /
_cKaren Kingston.
250 _a1st U.S. ed.
260 _aNew York :
_bBroadway Books,
_c1999.
300 _axi, 179 p. ;
_c19 cm.
500 _aOriginally published: 1998.
504 _aIncludes bibliographical references (p. 167-169) and index.
650 0 _aFeng shui.
_911425
650 0 _aHouse cleaning
_cMiscellanea.
_911426
650 0 _aConduct of life
_xMiscellanea.
_911427
856 4 2 _3Contributor biographical information
_uhttp://www.loc.gov/catdir/bios/random058/98050645.html
856 4 1 _3Sample text
_uhttp://www.loc.gov/catdir/samples/random043/98050645.html
856 4 2 _3Publisher description
_uhttp://www.loc.gov/catdir/description/random048/98050645.html
906 _a7
_bcbc
_corignew
_d1
_eocip
_f19
_gy-gencatlg
942 _2ddc
_cBK